000 00655cam a2200229 a 4500
001 1533946
005 20180201051145.0
008 900808s1990 moua d 000 0 eng
010 _a 90183154
020 _a0801632277
040 _aDLC
_cDLC
_dOCoLC
041 _aeng
080 _a610.3 WAL
082 0 0 _a610.3 WAL
_220
100 _a1
101 _aNUR
245 0 0 _aMosby's medical, nursing, and allied health dictionary.
740 0 _aMosby's medical, nursing & allied health dictionary.
906 _a7
_bcbc
_corignew
_d2
_encip
_f19
_gy-gencatlg
942 _2ddc
_cBK
999 _c41504
_d41504